000 00556nam a22001577a 4500
082 _a621.11
_bAHM
100 _aAhmed, Muhammad Usman Bin (402462)
_9132359
245 _aDesign and modeling of multigeneration energy system based on green hydrogen production, fuel cells and waste heat recovery: A 4E analysis /
264 _aIslamabad :
_bUSPCAS-E, NUST
_cMay, 2025
300 _axviii, 166 p.
_e+CD
520 _aTH-631
650 _aMS ESE Thesis
650 _aMS Thesis
_918721
700 _aSupervisor: Dr. Mustafa Anwar
_9117537
942 _2ddc
_cTHE
999 _c615569
_d615569